| 000 | 00391nam a2200145Ia 4500 | ||
|---|---|---|---|
| 008 | 230917s9999||||xx |||||||||||||| ||und|| | ||
| 040 |
_e47267 _aMAIN |
||
| 041 | _aEnglish | ||
| 082 | _a294.1 D491G | ||
| 100 | _aDandekar, R N | ||
| 245 | 0 | _aGlimpses of veda and vyakarna: reflections on some less familiar topic | |
| 260 |
_aBombay _bPopular _c1985 |
||
| 300 | _axiii, 208 p. | ||
| 942 | _cBK | ||
| 999 |
_c46784 _d46784 |
||